000 00340nam a2200133Ia 4500
008 240624s9999 xx 000 0 und d
041 _aeng
082 _a300.72 THO
100 _aTHORPE RICHARD
245 _aSAGE DICTIONARY OF QUALITATIVE MANAGEMEN
260 _c2008
_aNew Delhi
_bSage
300 _axxii, 290 p.; 24 cm.
365 _c
_b32
999 _c30132
_d30132